| 000 | 00516nam a2200193Ia 4500 | ||
|---|---|---|---|
| 005 | 20260429111852.0 | ||
| 008 | 260429s9999||||xx |||||||||||||| ||und|| | ||
| 020 | _a9798887153087 | ||
| 041 | _aEnglish | ||
| 082 |
_a631.584 _bDOU |
||
| 100 | _aDouglas, Ricardo Lee | ||
| 245 | 0 |
_aHandbook of organic farming / _cRicardo Lee Douglas |
|
| 250 | _a1st ed. | ||
| 260 |
_aUnited Kingdom : _bOryson Press, _c2024. |
||
| 300 | _avi, 280 p.; hb | ||
| 650 | _a Organic farming | ||
| 650 | _aAgriculture | ||
| 942 | _cTB | ||
| 999 |
_c51207 _d51207 |
||